Administración de recursos humanos
Na minha lista:
| Main Authors: | , |
|---|---|
| Formato: | Livro |
| Idioma: | espanhol |
| Publicado em: |
Cuernavaca
Cengage Learning Editores S. A
2008
|
| Edição: | 14a. ed |
| Assuntos: | |
| Tags: |
Adicionar Tag
Sem tags, seja o primeiro a adicionar uma tag!
|
MARC
| LEADER | 00000cam a2200000 a 4500 | ||
|---|---|---|---|
| 001 | UCF8482 | ||
| 003 | CL-VaPUC | ||
| 005 | 20241115132055.0 | ||
| 008 | 130829e20080000mx |||||||||||||||||spa|d | ||
| 999 | |c 353053 |d 353051 | ||
| 020 | |a 9789706867124 | ||
| 040 | |c Pontificia Universidad Católica de Valparaíso | ||
| 082 | 0 | 4 | |a 658.3 |b BOH |2 21 |
| 100 | |a Bohlander, George W |e author |9 345199 | ||
| 245 | 1 | 0 | |a Administración de recursos humanos |
| 250 | |a 14a. ed | ||
| 260 | |a Cuernavaca |b Cengage Learning Editores S. A |c 2008 | ||
| 300 | |a 784 p | ||
| 583 | |a last modification |c 20170510 09:53:00 |k Rodrigo Vera | ||
| 650 | 0 | |a Gestión de recursos humanos |9 879947 | |
| 650 | 0 | |a Trabajo |9 893865 |x Análisis y descripción | |
| 650 | 0 | |a Selección de personal |9 307100 | |
| 650 | 0 | |a Seguridad en el empleo |9 893892 | |
| 700 | 0 | |a Snell, Scott |e author |9 570566 | |
| 942 | |c BK |2 ddc | ||
| 945 | |d 20130829 16:45:00 |a dcastane | ||
| 952 | |0 0 |1 0 |3 erb |4 0 |6 658_300000000000000_BOH_2008 |7 0 |8 R |9 457928 |a BIBENE |b BIBENE |d 2019-11-23 |i 5004705 |l 1 |o 658.3 BOH 2008 |p 5004705 |r 2025-01-15 |s 2022-06-09 |w 2019-11-23 |y BK_R |z Catalogado en:20130829 |k ICO | ||
| 952 | |0 0 |1 0 |3 erb |4 0 |6 658_300000000000000_BOH_2008 |7 0 |8 R |9 457929 |a BIBENE |b BIBENE |d 2019-11-23 |i 5004713 |l 4 |o 658.3 BOH 2008 |p 5004713 |r 2025-01-15 |s 2023-06-19 |w 2019-11-23 |y BK_R |z Catalogado en:20130829 |k ICO | ||